[Event "4NCL Online Division 2"]
[Site "online"]
[Date "2021.03.09"]
[EventDate "2021.03.09"]
[Round "4.152"]
[White "Fenwick, Hugh F"]
[WhiteElo "1903"]
[WhiteTeam "Mushrooms 2"]
[Black "Keene, Alan"]
[BlackElo "1840"]
[BlackTeam "Abergavenny and Friends"]
[Result "1-0"]
[PlyCount "79"]

1. c4 c6 2. g3 d5 3. Bg2 Nf6 4. Nf3 Bg4 5. Ne5 Be6 6. Qc2 Nbd7 7. cxd5 cxd5 8. Nf3 Rc8 9. Qd1 Bg4 10. Nc3 e6 11. O-O Be7 12. d3 Bxf3 13. Bxf3 O-O 14. Qb3 Nc5 15. Qd1 Qd7 16. Bd2 b5 17. b4 Nb7 18. Qb3 Nd6 19. a4 a6 20. axb5 axb5 21. Rfc1 Nf5 22. e3 d4 23. Ne4 Nd5 24. Nc5 Bxc5 25. e4 Nf6 26. bxc5 Ne7 27. Ra5 Rb8 28. Bf4 Nc6 29. Rxb5 e5 30. Bd2 Rxb5 31. Qxb5 Rb8 32. Qc4 Qb7 33. Bd1 Ne7 34. c6 Qb2 35. c7 Rc8 36. Qb4 Qxb4 37. Bxb4 Ng6 38. Ba4 Nf8 39. Bb5 Ne6 40. Bd6 {[W: 0:04:27; B: 0:00:34]} 1-0

[Event "4NCL Online Division 2"]
[Site "online"]
[Date "2021.03.09"]
[EventDate "2021.03.09"]
[Round "4.153"]
[White "Allford, Zane"]
[WhiteElo "1732"]
[WhiteTeam "Abergavenny and Friends"]
[Black "Joslin, Tim"]
[BlackElo "1858"]
[BlackTeam "Mushrooms 2"]
[Result "0-1"]
[PlyCount "44"]

1. e4 d5 2. exd5 Nf6 3. Nc3 Nxd5 4. Nxd5 Qxd5 5. Qf3 Qe5+ 6. Ne2 Nc6 7. c3 g6 8. d4 Qf5 9. Qxf5 Bxf5 10. Bf4 O-O-O 11. O-O-O e5 12. dxe5 Rxd1+ 13. Kxd1 Bg7 14. Nd4 Rd8 15. Kc1 Nxd4 16. cxd4 Rxd4 17. Bg3 Bh6+ 18. f4 Bxf4+ 19. Bxf4 Rxf4 20. Be2 Rf2 21. Bf3 Rc2+ 22. Kd1 Rxb2 {[W: 0:36:17; B: 0:18:39]} 0-1

[Event "4NCL Online Division 2"]
[Site "online"]
[Date "2021.03.09"]
[EventDate "2021.03.09"]
[Round "4.154"]
[White "Nash, Richard J"]
[WhiteElo "1900"]
[WhiteTeam "Mushrooms 2"]
[Black "Morgans, Justin"]
[BlackElo "1765"]
[BlackTeam "Abergavenny and Friends"]
[Result "1/2-1/2"]
[PlyCount "74"]

1. d4 f5 2. g4 d5 3. g5 g6 4. Nf3 Bg7 5. Bg2 e6 6. h4 Ne7 7. c3 Nd7 8. Bf4 c5 9. e3 c4 10. a4 Qb6 11. Qc2 Nc6 12. Na3 a6 13. O-O Na5 14. Rad1 Nb3 15. Be5 Nxe5 16. Nxe5 Bxe5 17. dxe5 Bd7 18. Qe2 Nc5 19. Bxd5 Bxa4 20. Bxc4 Bxd1 21. Rxd1 Rd8 22. b4 Rxd1+ 23. Qxd1 Ne4 24. Qd3 Ke7 25. Nc2 Rd8 26. Nd4 Rd5 27. Bxd5 exd5 28. f3 Ng3 29. Kg2 Nh5 30. f4 Ng7 31. Nb3 Qc6 32. Kf2 Ne6 33. Na5 Qd7 34. c4 b6 35. Nb3 dxc4 36. Qxc4 b5 37. Qc2 Qd5 {[W: 0:13:37; B: 0:03:58]} 1/2-1/2

[Event "4NCL Online Division 2"]
[Site "online"]
[Date "2021.03.09"]
[EventDate "2021.03.09"]
[Round "4.161"]
[White "Nataraj, Nakul"]
[WhiteElo "2140"]
[WhiteTeam "Oxford 2"]
[Black "Meadows, Michael"]
[BlackElo "2014"]
[BlackTeam "The Rook1Es"]
[Result "0-1"]
[PlyCount "78"]

1. e4 g6 2. d4 Bg7 3. Nf3 d6 4. Nc3 a6 5. a4 b6 6. Bc4 e6 7. O-O Bb7 8. Re1 Nd7 9. Bf4 h6 10. Qd2 Ne7 11. Rad1 g5 12. Bg3 Ng6 13. h3 O-O 14. b4 Nf6 15. e5 Nh5 16. d5 Nxg3 17. fxg3 Nxe5 18. Nxe5 Bxe5 19. dxe6 fxe6 20. Bxe6+ Kh8 21. Ne4 Bxe4 22. Rxe4 Qf6 23. Bd5 Rae8 24. Qe2 Re7 25. Rd3 Rfe8 26. Kh2 Qf5 27. Rde3 a5 28. bxa5 bxa5 29. Bc6 Rf8 30. Rf3 Qc8 31. Qf2 Rxf3 32. gxf3 Qa6 33. Bb5 Qb6 34. Qxb6 cxb6 35. h4 gxh4 36. Rxh4 Kg7 37. Rg4+ Kf6 38. Bd3 Rg7 39. Rh4 Bxg3+ {[W: 0:03:57; B: 0:12:59]} 0-1

[Event "4NCL Online Division 2"]
[Site "online"]
[Date "2021.03.09"]
[EventDate "2021.03.09"]
[Round "4.162"]
[White "Gao, Ian"]
[WhiteElo "2005"]
[WhiteTeam "The Rook1Es"]
[Black "Wilson, Edgar"]
[BlackElo "1947"]
[BlackTeam "Oxford 2"]
[Result "1-0"]
[PlyCount "53"]

1. Nf3 d5 2. g3 Nf6 3. Bg2 e6 4. O-O Be7 5. d4 O-O 6. b3 b6 7. Bb2 Nbd7 8. Nbd2 Bb7 9. c4 Re8 10. Rc1 Rc8 11. Ne5 c5 12. e3 Ne4 13. cxd5 exd5 14. Nxe4 dxe4 15. Nxd7 Qxd7 16. dxc5 Qxd1 17. Rfxd1 Bxc5 18. Rd7 Bc6 19. Rxa7 Red8 20. Bd4 Bxd4 21. exd4 f5 22. Bf1 Rxd4 23. Bc4+ Kh8 24. Be6 Rdd8 25. Bxc8 Rxc8 26. Rxc6 Rd8 27. Rxb6 {[W: 0:23:48; B: 0:00:33]} 1-0

[Event "4NCL Online Division 2"]
[Site "online"]
[Date "2021.03.09"]
[EventDate "2021.03.09"]
[Round "4.163"]
[White "Idle, Oscar"]
[WhiteElo "1930"]
[WhiteTeam "Oxford 2"]
[Black "Saunders, Aron"]
[BlackElo "1894"]
[BlackTeam "The Rook1Es"]
[Result "1-0"]
[PlyCount "85"]

1. d4 c6 2. c4 d5 3. Nf3 Nf6 4. Qb3 e6 5. Bg5 Be7 6. Nc3 O-O 7. e3 Nbd7 8. Rc1 dxc4 9. Bxc4 b5 10. Bd3 a6 11. Ne4 Qa5+ 12. Ke2 Bb7 13. a3 Rac8 14. Bxf6 Nxf6 15. Nc5 Bxc5 16. Rxc5 Nd7 17. Qc2 f5 18. Rc3 h6 19. Rc1 Qc7 20. d5 exd5 21. Bxf5 Rce8 22. Bxd7 Qxd7 23. Nd4 Qf7 24. Kf1 Rc8 25. b4 Rc7 26. Qd2 Qf6 27. R1c2 Rfc8 28. Rc5 Qg6 29. Kg1 Rf7 30. Qc3 Rf6 31. h3 Qh5 32. Qd2 Qg5 33. R2c3 h5 34. Qc2 Qh6 35. Nf5 Rxf5 36. Qxf5 Rf8 37. Qd7 Qf6 38. Qxb7 Qxf2+ 39. Kh2 h4 40. Qc7 Rf3 41. Rc2 Rxh3+ 42. Kxh3 Qxe3+ 43. Kh2 {[W: 0:00:38; B: 0:01:42]} 1-0

[Event "4NCL Online Division 2"]
[Site "online"]
[Date "2021.03.09"]
[EventDate "2021.03.09"]
[Round "4.164"]
[White "Goodhew, Finn"]
[WhiteElo "1713"]
[WhiteTeam "The Rook1Es"]
[Black "Terry, Sean"]
[BlackElo "1939"]
[BlackTeam "Oxford 2"]
[Result "1-0"]
[PlyCount "89"]

1. d4 Nf6 2. c4 Nc6 3. Nc3 e6 4. e4 Bb4 5. f3 e5 6. d5 Nd4 7. a3 Be7 8. f4 d6 9. Be2 O-O 10. Nf3 Nxf3+ 11. Bxf3 Nd7 12. f5 g6 13. Bh6 Re8 14. fxg6 fxg6 15. Qd2 Nc5 16. Rb1 Nb3 17. Qf2 Bg5 18. Bxg5 Qxg5 19. h4 Qf4 20. Bd1 Qxf2+ 21. Kxf2 Rf8+ 22. Ke3 Nd4 23. h5 g5 24. b4 Bd7 25. Ne2 Nxe2 26. Bxe2 Rf6 27. Rhf1 Raf8 28. Rxf6 Rxf6 29. c5 Kg7 30. cxd6 Rxd6 31. b5 c6 32. b6 a5 33. Ba6 Bc8 34. Bc4 c5 35. Rb5 Bg4 36. Be2 Bd7 37. Rxc5 Kf6 38. Rc7 Rxb6 39. Rxd7 Rb3+ 40. Bd3 b5 41. Kd2 Rxa3 42. Bxb5 Ra2+ 43. Kc3 Rxg2 44. Rxh7 Re2 45. Bxe2 {[W: 0:02:47; B: 0:08:10]} 1-0

[Event "4NCL Online Division 2"]
[Site "online"]
[Date "2021.03.23"]
[EventDate "2021.03.23"]
[Round "5.11"]
[White "Broom, Mark"]
[WhiteElo "2111"]
[WhiteTeam "Horsham 1"]
[Black "McCarthy, Maurice"]
[BlackElo "1978"]
[BlackTeam "Morriston Alekhine"]
[Result "0-1"]
[PlyCount "64"]

1. c4 e5 2. g3 Nf6 3. Bg2 d5 4. cxd5 Nxd5 5. Nc3 Nb6 6. Nf3 Nc6 7. O-O Be7 8. d3 O-O 9. Be3 Re8 10. Rc1 Bf8 11. Ng5 h6 12. Nge4 Nd4 13. f4 Nf5 14. Bf2 exf4 15. gxf4 c6 16. Qd2 Nh4 17. Bxh4 Qxh4 18. f5 Nd5 19. Nxd5 cxd5 20. Rf4 Qd8 21. Nc3 Be7 22. Nxd5 Bg5 23. Nc7 Rxe2 24. Qxe2 Bxf4 25. Nxa8 Bxc1 26. Qe5 Qxd3 27. Be4 Be3+ 28. Kg2 Qe2+ 29. Kh3 h5 30. Qg3 Bxf5+ 31. Bxf5 Qf1+ 32. Qg2 Qxf5+ {[W: 0:00:24; B: 0:04:32]} 0-1

[Event "4NCL Online Division 2"]
[Site "online"]
[Date "2021.03.23"]
[EventDate "2021.03.23"]
[Round "5.12"]
[White "Bevan, Peter M"]
[WhiteElo "1856"]
[WhiteTeam "Morriston Alekhine"]
[Black "Roberts, David N"]
[BlackElo "1942"]
[BlackTeam "Horsham 1"]
[Result "0-1"]
[PlyCount "106"]

1. d4 Nf6 2. Nf3 c5 3. d5 e6 4. c4 exd5 5. cxd5 d6 6. e4 g6 7. Nc3 Bg7 8. Bb5+ Bd7 9. a4 a6 10. Bd3 O-O 11. h3 Re8 12. O-O Bc8 13. Bf4 Nh5 14. Bh2 Qe7 15. Re1 Nd7 16. g4 Nhf6 17. e5 Nxe5 18. Nxe5 dxe5 19. Rxe5 Qd8 20. Qe2 Rxe5 21. Bxe5 Bd7 22. a5 Bb5 23. Bxb5 axb5 24. Qxb5 b6 25. Ra3 bxa5 26. Qxc5 Nd7 27. Bc7 Nxc5 28. Bxd8 Rxd8 29. Rxa5 Nb7 30. Rb5 Nd6 31. Rb4 Kf8 32. f3 Bxc3 33. bxc3 Rc8 34. Rb6 Ke7 35. Rc6 Rxc6 36. dxc6 Kd8 37. Kf2 Kc7 38. Ke3 Kxc6 39. Kd4 f6 40. h4 Nb5+ 41. Kc4 Nc7 42. h5 Kd6 43. Kd4 Ne6+ 44. Ke4 Nc5+ 45. Kd4 Nb3+ 46. Ke4 Nd2+ 47. Kf4 Kd5 48. hxg6 hxg6 49. Ke3 Nc4+ 50. Kf4 Ne5 51. g5 f5 52. Ke3 Kc4 53. f4 Nd3 {[W: 0:40:32; B: 0:13:13]} 0-1

[Event "4NCL Online Division 2"]
[Site "online"]
[Date "2021.03.23"]
[EventDate "2021.03.23"]
[Round "5.13"]
[White "Taylor, Alex B"]
[WhiteElo "1930"]
[WhiteTeam "Horsham 1"]
[Black "Marin Marin, Francisco Javier"]
[BlackElo "1799"]
[BlackTeam "Morriston Alekhine"]
[Result "1-0"]
[PlyCount "79"]

1. e4 c5 2. Nf3 e6 3. d4 cxd4 4. Nxd4 Nf6 5. Nc3 Nc6 6. Ndb5 d6 7. Bf4 e5 8. Bg5 a6 9. Na3 Be7 10. Bxf6 Bxf6 11. Nd5 O-O 12. c3 Be6 13. Nxf6+ Qxf6 14. Qxd6 Rfd8 15. Qc5 Rd7 16. Qe3 Rad8 17. Bc4 Bg4 18. O-O Rd2 19. f3 Bc8 20. Rf2 R2d6 21. Nc2 Qh4 22. Nb4 Rh6 23. g3 Rg6 24. Nxc6 bxc6 25. f4 Bh3 26. Bxa6 Qe7 27. Bf1 Qd7 28. f5 Rh6 29. a4 Bg4 30. b4 Rd6 31. b5 cxb5 32. axb5 Qb7 33. Ra7 Qb8 34. h3 Bd1 35. Bc4 Rb6 36. Rd2 Rbd6 37. Rxd6 Qxd6 38. Bd5 Bc2 39. b6 Rb8 40. b7 {[W: 0:06:17; B: 0:05:55]} 1-0

[Event "4NCL Online Division 2"]
[Site "online"]
[Date "2021.03.23"]
[EventDate "2021.03.23"]
[Round "5.14"]
[White "Williams, Duncan"]
[WhiteElo "1848"]
[WhiteTeam "Morriston Alekhine"]
[Black "Ashby, Nicholas G"]
[BlackElo "1893"]
[BlackTeam "Horsham 1"]
[Result "1-0"]
[PlyCount "69"]

1. e4 b6 2. d4 e6 3. f4 Bb7 4. Bd3 Nf6 5. Qe2 c5 6. Nf3 cxd4 7. Nxd4 Nc6 8. Be3 Rc8 9. Nc3 Bb4 10. Nb5 a6 11. a3 axb5 12. axb4 Nxb4 13. Nxb5 O-O 14. Nd6 Rb8 15. Nxb7 Rxb7 16. O-O Nxd3 17. Qxd3 d5 18. exd5 Nxd5 19. Bd4 Qc7 20. Qe4 Ne7 21. Ra3 Nf5 22. Rc3 Qe7 23. Bf2 Nd6 24. Qc6 h6 25. Rd1 Nc8 26. Bh4 f6 27. Re1 Nd6 28. Rd1 Nf5 29. Bf2 Rfb8 30. g4 g6 31. gxf5 gxf5 32. Rd6 Kh7 33. Rxe6 Rg8+ 34. Rg3 Rxg3+ 35. hxg3 {[W: 0:11:14; B: 0:07:45]} 1-0

[Event "4NCL Online Division 2"]
[Site "online"]
[Date "2021.03.23"]
[EventDate "2021.03.23"]
[Round "5.21"]
[White "Gostelow, David W"]
[WhiteElo "1931"]
[WhiteTeam "Shropshire 2"]
[Black "Young, Alan"]
[BlackElo "2096"]
[BlackTeam "White Knights"]
[Result "1/2-1/2"]
[PlyCount "31"]

1. d4 Nf6 2. Bf4 e6 3. e3 c5 4. c3 Nc6 5. Nd2 d5 6. Ngf3 Bd6 7. Bg3 O-O 8. Bd3 Bxg3 9. hxg3 g6 10. Qe2 Re8 11. Ne5 Qc7 12. Ndf3 Ne4 13. Nxc6 bxc6 14. Ne5 f5 15. O-O Nf6 16. Ba6 {[W: 0:06:39; B: 0:09:44]} 1/2-1/2

[Event "4NCL Online Division 2"]
[Site "online"]
[Date "2021.03.23"]
[EventDate "2021.03.23"]
[Round "5.22"]
[White "May, Adam J"]
[WhiteElo "1952"]
[WhiteTeam "White Knights"]
[Black "Pugh, Glyn D"]
[BlackElo "1923"]
[BlackTeam "Shropshire 2"]
[Result "1/2-1/2"]
[PlyCount "118"]

1. d4 Nf6 2. Nf3 c5 3. d5 d6 4. Nc3 e5 5. e4 a6 6. a4 b6 7. Nd2 Be7 8. Bd3 Nbd7 9. O-O O-O 10. b3 g6 11. Ne2 Rb8 12. g3 Nh5 13. Bb2 Bf6 14. Nc4 Qe7 15. f4 exf4 16. Bxf6 Ndxf6 17. Nxf4 Re8 18. Nxh5 Nxh5 19. Qf3 Ng7 20. Rae1 Bh3 21. Rf2 b5 22. axb5 axb5 23. Na3 Bd7 24. Qe2 f5 25. Nxb5 fxe4 26. Nc3 exd3 27. Qxe7 Rxe7 28. Rxe7 dxc2 29. Rxc2 Bf5 30. Rb2 Bd3 31. Rf2 Nf5 32. Re6 Rxb3 33. Ne2 c4 34. Nf4 Nd4 35. Re7 Rb1+ 36. Kg2 Nf5 37. Ne6 Ne3+ 38. Kf3 Nxd5 39. Rd7 Rb6 40. Kg2 Ne3+ 41. Kh3 Bf5+ 42. Kh4 Bxe6 43. Rd8+ Kg7 44. g4 Nxg4 45. Re2 Ne5 46. Re8 Kf7 47. Rh8 Rb3 48. Kg5 Kg7 49. Re8 h6+ 50. Kf4 g5+ 51. Ke4 Kf7 52. Rh8 Kg7 53. Re8 Kf6 54. Rf2+ Kg7 55. Rxe6 Ng4 56. Re7+ Kg6 57. Re6+ Kg7 58. Re7+ Kg6 59. Re6+ Kg7 {[W: 0:01:07; B: 0:03:19]} 1/2-1/2

[Event "4NCL Online Division 2"]
[Site "online"]
[Date "2021.03.23"]
[EventDate "2021.03.23"]
[Round "5.23"]
[White "Lewis, Christopher D"]
[WhiteElo "1902"]
[WhiteTeam "Shropshire 2"]
[Black "Miga, Tomasz"]
[BlackElo "1822"]
[BlackTeam "White Knights"]
[Result "1/2-1/2"]
[PlyCount "125"]

1. e4 c5 2. Nf3 g6 3. d4 cxd4 4. Nxd4 Nc6 5. c4 Nf6 6. Nc3 d6 7. Be2 Nxd4 8. Qxd4 Bg7 9. O-O O-O 10. Rb1 Be6 11. Qd2 Rc8 12. b3 Re8 13. Bb2 Qa5 14. Rfd1 Qe5 15. f3 Qc5+ 16. Kf1 Qh5 17. Kg1 Bh6 18. Qd4 Bf4 19. g3 Qg5 20. Bc1 Bxc1 21. Rbxc1 Nh5 22. Kf2 Qa5 23. Rc2 a6 24. Nd5 Bxd5 25. exd5 Qc5 26. f4 Nf6 27. Kf3 Qxd4 28. Rxd4 b5 29. a3 bxc4 30. Bxc4 a5 31. Re2 Rc5 32. g4 Kf8 33. g5 Nd7 34. b4 axb4 35. axb4 Rc7 36. Bb5 Rd8 37. Bc6 Nb6 38. b5 Ra7 39. Kg4 Ra4 40. Rxa4 Nxa4 41. Ra2 Nb6 42. f5 gxf5+ 43. Kxf5 Rb8 44. Ra7 Nxd5 45. Bxd5 e6+ 46. Bxe6 fxe6+ 47. Kf6 e5 48. b6 Kg8 49. b7 Rf8+ 50. Ke6 Re8+ 51. Kxd6 e4 52. Ra8 Kf7 53. Rxe8 Kxe8 54. b8=Q+ Kf7 55. Qb1 e3 56. Qe4 Kg7 57. Qxe3 Kg6 58. Qf4 Kh5 59. Ke6 Kg6 60. Qg4 Kg7 61. Qh5 Kg8 62. g6 h6 63. Qxh6 {[W: 0:03:53; B: 0:02:34]} 1/2-1/2

[Event "4NCL Online Division 2"]
[Site "online"]
[Date "2021.03.23"]
[EventDate "2021.03.23"]
[Round "5.24"]
[White "Daniel, Christopher"]
[WhiteElo "1630"]
[WhiteTeam "White Knights"]
[Black "Jamieson, Ian"]
[BlackElo "1885"]
[BlackTeam "Shropshire 2"]
[Result "0-1"]
[PlyCount "30"]

1. e4 e6 2. Nf3 d5 3. exd5 exd5 4. d4 Nf6 5. Bg5 Be7 6. Bd3 Bg4 7. Nbd2 O-O 8. c3 Nc6 9. O-O h6 10. Bh4 Nh5 11. Bxe7 Qxe7 12. Re1 Qd6 13. h3 Nf4 14. Bb5 Bxh3 15. gxh3 Qg6+ {[W: 0:35:50; B: 0:37:44]} 0-1

[Event "4NCL Online Division 2"]
[Site "online"]
[Date "2021.03.23"]
[EventDate "2021.03.23"]
[Round "5.31"]
[White "John, Joshua"]
[WhiteElo "2005"]
[WhiteTeam "CSC 3"]
[Black "Chapman, Matt"]
[BlackElo "2148"]
[BlackTeam "Wessex Some Stars B"]
[Result "0-1"]
[PlyCount "124"]

1. d4 d5 2. c4 c6 3. Nc3 Nf6 4. Nf3 dxc4 5. a4 Bf5 6. Ne5 Nbd7 7. Nxc4 Nb6 8. Ne5 a5 9. e3 g6 10. Be2 Bg7 11. O-O O-O 12. b3 Nfd7 13. Nxd7 Qxd7 14. Ba3 Rfd8 15. Rc1 e5 16. Bc5 Qc7 17. e4 exd4 18. Nb5 cxb5 19. exf5 bxa4 20. fxg6 hxg6 21. bxa4 Bh6 22. Qb3 Nd7 23. Bxd4 Bxc1 24. Bc4 Nf8 25. Bb6 Qf4 26. g3 Qf5 27. Rxc1 Re8 28. Rd1 Ne6 29. Rd3 Ng5 30. Be3 Nf3+ 31. Kh1 Ne5 32. Rd4 Qf3+ 33. Kg1 Nxc4 34. Qxc4 Rac8 35. Qf1 Rcd8 36. Rf4 Qd1 37. Qxd1 Rxd1+ 38. Kg2 Rb1 39. Bc5 b5 40. Rh4 bxa4 41. Rxa4 Rb5 42. Bd6 Ra8 43. Be7 Kg7 44. h4 Rb7 45. Bd6 Kf6 46. g4 Ke6 47. Bc5 Rb5 48. Ba3 Rd8 49. f3 Rd2+ 50. Kg3 Ra2 51. Re4+ Re5 52. Rxe5+ Kxe5 53. Bc5 Rc2 54. Be7 Ke6 55. Bf8 Rc8 56. Ba3 a4 57. h5 g5 58. f4 Rc3+ 59. Kf2 Rxa3 60. fxg5 Rb3 61. h6 a3 62. h7 Rh3 {[W: 0:02:45; B: 0:02:14]} 0-1

[Event "4NCL Online Division 2"]
[Site "online"]
[Date "2021.03.23"]
[EventDate "2021.03.23"]
[Round "5.32"]
[White "Lukosius, Rolandas"]
[WhiteElo "2145"]
[WhiteTeam "Wessex Some Stars B"]
[Black "Towers, Nigel S"]
[BlackElo "1884"]
[BlackTeam "CSC 3"]
[Result "1-0"]
[PlyCount "67"]

1. d4 Nf6 2. c4 e6 3. Nf3 Bb4+ 4. Bd2 Qe7 5. g3 Nc6 6. Bg2 Bxd2+ 7. Nbxd2 d6 8. e4 e5 9. d5 Nb8 10. O-O Nbd7 11. b4 b6 12. Qc2 O-O 13. Nb3 Bb7 14. Rfe1 Rfc8 15. Rac1 c5 16. dxc6 Rxc6 17. Qd3 Rc7 18. Nfd2 Rac8 19. Nf1 Ba6 20. Ne3 g6 21. Rc2 Bb7 22. Nd2 Kg7 23. Rec1 h6 24. Nd5 Nxd5 25. cxd5 Nf6 26. Bh3 Rxc2 27. Rxc2 Rxc2 28. Qxc2 Ne8 29. f4 f6 30. Qc4 Qc7 31. Qxc7+ Nxc7 32. Nc4 Ne8 33. Bd7 Ba6 34. b5 {[W: 0:06:44; B: 0:01:42]} 1-0

[Event "4NCL Online Division 2"]
[Site "online"]
[Date "2021.03.23"]
[EventDate "2021.03.23"]
[Round "5.33"]
[White "Kumar, Soham"]
[WhiteElo "1783"]
[WhiteTeam "CSC 3"]
[Black "McDougall, William"]
[BlackElo "2089"]
[BlackTeam "Wessex Some Stars B"]
[Result "0-1"]
[PlyCount "58"]

1. e4 c5 2. Nf3 d6 3. d4 cxd4 4. Nxd4 Nf6 5. Nc3 a6 6. Be3 e6 7. f3 b5 8. Be2 Bb7 9. O-O Be7 10. Qe1 Nbd7 11. Rd1 O-O 12. a3 Rc8 13. Qg3 Re8 14. Kh1 Bf8 15. Bg5 Be7 16. Qh3 Ne5 17. f4 Nc4 18. e5 Nd5 19. Bd3 g6 20. Ne4 Bxg5 21. Nxg5 h5 22. Ndxe6 fxe6 23. Bxg6 Nxf4 24. Rxf4 Qxg5 25. Bxe8 Qxf4 26. Qxe6+ Kh8 27. Bxh5 Ne3 28. Rg1 Nxg2 29. Qh3 Nh4+ {[W: 0:01:20; B: 0:01:02]} 0-1

[Event "4NCL Online Division 2"]
[Site "online"]
[Date "2021.03.23"]
[EventDate "2021.03.23"]
[Round "5.34"]
[White "Cleary, Mark"]
[WhiteElo "2059"]
[WhiteTeam "Wessex Some Stars B"]
[Black "Lawson, David"]
[BlackElo "1749"]
[BlackTeam "CSC 3"]
[Result "1-0"]
[PlyCount "87"]

1. d4 Nf6 2. c4 g6 3. Nc3 Bg7 4. e4 d6 5. Nf3 O-O 6. Be2 Nbd7 7. O-O c6 8. Be3 e5 9. Rc1 Re8 10. d5 c5 11. Ne1 a6 12. Nd3 Rb8 13. f3 b5 14. cxb5 axb5 15. b4 c4 16. Nb2 Ba6 17. Qd2 h5 18. a4 bxa4 19. Ncxa4 c3 20. Nxc3 Bxe2 21. Nxe2 Nh7 22. Nc4 Qe7 23. Na5 Qf8 24. Rc7 Nb6 25. Rfc1 f5 26. Nc6 f4 27. Bf2 Na8 28. Ra7 Bf6 29. Nxb8 Rxb8 30. Rb1 h4 31. h3 Bd8 32. b5 Qe8 33. Nxf4 exf4 34. Qxf4 Qf8 35. Qg4 g5 36. Qe6+ Kh8 37. Qd7 Nf6 38. Bd4 Nc7 39. Rxc7 Bxc7 40. Qxc7 Re8 41. b6 Kg8 42. Bxf6 Qxf6 43. b7 Qd4+ 44. Kh1 {[W: 0:11:39; B: 0:01:13]} 1-0

[Event "4NCL Online Division 2"]
[Site "online"]
[Date "2021.03.23"]
[EventDate "2021.03.23"]
[Round "5.41"]
[White "McMahon, Timothy P"]
[WhiteElo "1941"]
[WhiteTeam "Croesoswallt"]
[Black "Vleeshhouwer, Douglas"]
[BlackElo "2114"]
[BlackTeam "Hull & Beverley Romans 1"]
[Result "0-1"]
[PlyCount "60"]

1. e4 d6 2. d4 Nf6 3. Nc3 Nbd7 4. g4 h6 5. h3 e5 6. Nge2 b5 7. a3 Bb7 8. Bg2 a5 9. Ng3 b4 10. Nd5 Nxd5 11. exd5 Be7 12. O-O O-O 13. Be3 Bf6 14. Nf5 bxa3 15. Rxa3 Re8 16. b3 Nb6 17. Qd2 Bxd5 18. Rxa5 Bxg2 19. Kxg2 Rxa5 20. Qxa5 g6 21. Ng3 exd4 22. Bxh6 Kh7 23. Bf4 Qd7 24. Qd2 Qc6+ 25. Kh2 Qf3 26. Bg5 Bxg5 27. Qxg5 Nd5 28. Qd2 Nf4 29. Rg1 Re2 30. Qxd4 Rxf2+ {[W: 0:01:51; B: 0:09:48]} 0-1

[Event "4NCL Online Division 2"]
[Site "online"]
[Date "2021.03.23"]
[EventDate "2021.03.23"]
[Round "5.42"]
[White "Hodge, Steve R"]
[WhiteElo "2006"]
[WhiteTeam "Hull & Beverley Romans 1"]
[Black "Cox, Leon"]
[BlackElo "1877"]
[BlackTeam "Croesoswallt"]
[Result "1-0"]
[PlyCount "35"]

1. e4 e6 2. d4 d5 3. Nd2 c5 4. Ngf3 cxd4 5. exd5 Qxd5 6. Bc4 Qd8 7. O-O Bb4 8. Nb3 Nc6 9. Nbxd4 Nxd4 10. Nxd4 Nf6 11. c3 Be7 12. Qe2 O-O 13. Re1 Qc7 14. Bb3 b6 15. Bg5 h6 16. Bh4 Re8 17. Bg3 Bd7 18. Bxc7 {[W: 0:30:50; B: 0:26:28]} 1-0

[Event "4NCL Online Division 2"]
[Site "online"]
[Date "2021.03.23"]
[EventDate "2021.03.23"]
[Round "5.43"]
[White "Hughes, Richard"]
[WhiteElo "1894"]
[WhiteTeam "Croesoswallt"]
[Black "Thompson, Keith"]
[BlackElo "1930"]
[BlackTeam "Hull & Beverley Romans 1"]
[Result "1/2-1/2"]
[PlyCount "56"]

1. d4 d5 2. c4 e6 3. Nc3 Nf6 4. Bg5 Be7 5. e3 h6 6. Bh4 O-O 7. Nf3 Nbd7 8. Rc1 c5 9. cxd5 Nxd5 10. Bxe7 Nxe7 11. Bd3 cxd4 12. exd4 b6 13. Be4 Rb8 14. O-O Nf6 15. Bb1 Bb7 16. Ne5 Rc8 17. Qd3 g6 18. Rfe1 Bd5 19. Rcd1 Kg7 20. Re3 Nf5 21. Rh3 Qc7 22. Qd2 Rh8 23. g4 Ne7 24. Nxd5 Nfxd5 25. Rf3 Rhf8 26. Rh3 Rh8 27. Rf3 Rhf8 28. Rh3 Rh8 {[W: 0:15:58; B: 0:10:21]} 1/2-1/2

[Event "4NCL Online Division 2"]
[Site "online"]
[Date "2021.03.23"]
[EventDate "2021.03.23"]
[Round "5.44"]
[White "Crow, Stephen"]
[WhiteElo "1931"]
[WhiteTeam "Hull & Beverley Romans 1"]
[Black "Beckett, Phill"]
[BlackElo "1805"]
[BlackTeam "Croesoswallt"]
[Result "1-0"]
[PlyCount "63"]

1. f4 e5 2. fxe5 d6 3. exd6 Bxd6 4. Nf3 g5 5. g3 g4 6. Nh4 Ne7 7. d4 Ng6 8. Nxg6 hxg6 9. Qd3 Nc6 10. c3 Bf5 11. e4 Qe7 12. Bg2 O-O-O 13. Be3 Bd7 14. Kd1 Rh5 15. Nd2 f5 16. Kc2 Qf7 17. a3 a6 18. Raf1 Na5 19. d5 Be5 20. h4 gxh3 21. Rxh3 Rxh3 22. Bxh3 Qh7 23. Rh1 fxe4 24. Qxe4 Bxg3 25. Be6 Qe7 26. Qxg6 Bd6 27. Bg5 Qe8 28. Bxd7+ Qxd7 29. Bxd8 Qxd8 30. Re1 Be7 31. Qe6+ Kb8 32. Qxe7 {[W: 0:32:12; B: 0:30:23]} 1-0

[Event "4NCL Online Division 2"]
[Site "online"]
[Date "2021.03.23"]
[EventDate "2021.03.23"]
[Round "5.51"]
[White "Menadue, Jeremy F S"]
[WhiteElo "2058"]
[WhiteTeam "Trelawny's Army"]
[Black "Watson, Mikey J"]
[BlackElo "2071"]
[BlackTeam "Kent KJCA Kestrels B"]
[Result "1-0"]
[PlyCount "57"]

1. d4 Nf6 2. c4 c5 3. d5 e5 4. Nc3 d6 5. e4 Be7 6. Nge2 Nbd7 7. Ng3 Nf8 8. Nf5 Bxf5 9. exf5 h5 10. Bd3 Qd7 11. Bc2 O-O-O 12. a3 g6 13. fxg6 Nxg6 14. Bxg6 fxg6 15. f3 Rdg8 16. h4 Kb8 17. Bg5 Nh7 18. Qd2 Nxg5 19. hxg5 Qf5 20. Ne4 h4 21. b4 cxb4 22. axb4 Qf4 23. Qf2 b6 24. O-O Bxg5 25. Rxa7 Qe3 26. Rfa1 Qxf2+ 27. Kxf2 b5 28. Ra8+ Kc7 29. R1a7+ {[W: 0:00:49; B: 0:32:33]} 1-0

[Event "4NCL Online Division 2"]
[Site "online"]
[Date "2021.03.23"]
[EventDate "2021.03.23"]
[Round "5.52"]
[White "Watson, Jacob"]
[WhiteElo "2057"]
[WhiteTeam "Kent KJCA Kestrels B"]
[Black "Kneebone, Robin F G"]
[BlackElo "2109"]
[BlackTeam "Trelawny's Army"]
[Result "0-1"]
[PlyCount "72"]

1. d4 Nf6 2. Nf3 d5 3. g3 e6 4. Bg2 b5 5. O-O Bb7 6. b3 Nbd7 7. Bb2 c5 8. e3 Bd6 9. Nbd2 O-O 10. Ne5 cxd4 11. exd4 Rc8 12. c4 bxc4 13. bxc4 Bb4 14. Rc1 Ba6 15. Rc2 Nb6 16. Re1 Nxc4 17. Ndxc4 Bxe1 18. Qxe1 dxc4 19. Nc6 Qd7 20. Ba3 Rxc6 21. Bxc6 Qxc6 22. Bxf8 Kxf8 23. Qb4+ Kg8 24. Qb8+ Ne8 25. d5 exd5 26. Re2 Bb5 27. Qxa7 c3 28. Re1 h6 29. Rc1 Nf6 30. Qd4 c2 31. f3 Ba4 32. Kf2 Qc4 33. Qxc4 dxc4 34. Ke3 Nd5+ 35. Kd2 c3+ 36. Kd3 Nb4+ {[W: 0:09:17; B: 0:06:30]} 0-1

[Event "4NCL Online Division 2"]
[Site "online"]
[Date "2021.03.23"]
[EventDate "2021.03.23"]
[Round "5.53"]
[White "Hassall, Mark I"]
[WhiteElo "1925"]
[WhiteTeam "Trelawny's Army"]
[Black "Bansal, Saahil"]
[BlackElo "2006"]
[BlackTeam "Kent KJCA Kestrels B"]
[Result "0-1"]
[PlyCount "80"]

1. e4 e6 2. d4 d5 3. Nc3 dxe4 4. Nxe4 Nd7 5. Nf3 Be7 6. Bd3 Ngf6 7. Nxf6+ Nxf6 8. Qe2 O-O 9. Bg5 h6 10. h4 Nd5 11. Bd2 Nb4 12. Bxb4 Bxb4+ 13. c3 Be7 14. O-O-O Bd7 15. Ne5 Ba4 16. Rde1 c5 17. dxc5 Be8 18. Qe4 f5 19. Qc4 Qd5 20. b4 Bd8 21. f4 a5 22. Re2 Bh5 23. Rd2 Bc7 24. Re1 Rad8 25. g3 axb4 26. cxb4 Bxe5 27. Rxe5 Qh1+ 28. Kc2 Bf7 29. Qc3 Qf3 30. Bc4 Rxd2+ 31. Kxd2 Rd8+ 32. Kc2 Qd1+ 33. Kb2 Rd2+ 34. Ka3 Rc2 35. Qe1 Qxe1 36. Rxe1 Rxc4 37. Kb3 e5 38. Rxe5 Rxc5+ 39. Ka4 Rxe5 40. fxe5 Bxa2 {[W: 0:01:34; B: 0:06:34]} 0-1